| 000 | 00902nam a2200337Ia 4500 | ||
|---|---|---|---|
| 008 | 170203s9999 xx 000 0 und d | ||
| 020 | _a0-440416078 | ||
| 050 | _aFic | ||
| 050 | _bH126c | ||
| 100 | _aHaddad, Charles. | ||
| 245 | _aCaptain Tweakerbeak's revenge : | ||
| 245 | _ba Calliope Day adventure / | ||
| 245 | _cby Charles Haddad ; illustrated by Steve Pica. | ||
| 260 | _aNew York, N.Y. : | ||
| 260 | _bDell Yearling Books, | ||
| 260 | _c2002 | ||
| 300 | _a185 pages : | ||
| 300 | _billustrations ; | ||
| 300 | _c20 cm | ||
| 500 | _aOriginally published: New York : Delacorte Press, ©2001. | ||
| 650 | _aFriendship -- | ||
| 650 | _aHumorous stories. | ||
| 650 | _aParrots -- | ||
| 650 | _aSchools -- | ||
| 650 | _aWealth -- | ||
| 650 | _xFiction. | ||
| 650 | _xFiction. | ||
| 650 | _xFiction. | ||
| 650 | _xFiction. | ||
| 700 | _aPica, Steve, ill. | ||
| 999 |
_c306655 _d306655 |
||